1319 1509 1481 1025 1820 1631 1005 1402 1815 1025 1617 1641 1641 1210 1915 1941 1542 1454 1156 1456 1846 1493 1040 1209 1736 1748 1492 1930 1761 1474 1466 1909 1865 1031 1843 1997 1575 1538 1385 1469 1984 1473 1605 1608 1543 1039 1496 1017 1311 1381 1537 1841 1868 1726 1127 1375 1412 1586 1251 1381 1275 1803 1369 1131 1869 1833 1892 1517 1052 1013 1438 1290 1236 1867 1068 1281 1669 1114 1905 1719 1760 1179 1225 1411 1940 1458 1812 1228 1623 1535 1343 1035 1900 1050 1396 1578 1321 1808 1452 BCNSPRNW ULIB Ver.6.0+V

เปลี่ยนเป็นภาษาไทย

Change to English
 แสดงรายละเอียดบรรณานุกรม
  กลับหน้าหลัก

Brief Record : Get Marc (ISO 2709) : E-mail record : QR code < ปิดหน้าต่าง
LEADER : 00000nam 2200000uu 4500
001    13399113689
003     ULIB
008    111215s||||||||th 000 0 tha d
020    9786117182105
090    นว.^bไม่พบรหัส 2552
100 0  Re-Peat Again
245 00 เจ้าสาวยากูซ่า/^cRe-Peat Again
250    พิมพ์ครั้งที่ 1
260    กรุงเทพฯ :^bยูแพดอินเตอร์,^c2552
300    265 หน้า
710 1  ยูแพดอินเตอร์
945    ^p175^l0^i028099
995    ทศพร
999 ^a ทศพร
รายการนี้ยังไม่มีแท็ก
คุณยังไม่ได้ล็อกอิน คุณสามารถมีกิจกรรมร่วมกับเว็บไซต์ได้ แต่ต้องล็อกอินก่อน ::
  ล็อกอิน

รายการสื่อสารสนเทศ

ลำดับที่ ประเภท เลขเรียก/บาร์โค้ด สถานที่ สถานะ
1. นวนิยาย
นวนิยาย
นว. ไม่พบรหัส 2552 ฉ.1 
  Barcode: 028099
ห้องสมุดวิทยาเขตสวรรค์ประชารักษ์
►นวนิยาย
บนชั้น
  ขอยืม

BibComment


ยังไม่เคยถูกคอมเมนท์

คอมเมนท์ทรัพยากรรายการนี้
  คอมเมนท์: เจ้าสาวยากูซ่า Re..


 Copyright 2026. Bcnsprnw @Library